| 000 | 00406nam a2200169Ia 4500 | ||
|---|---|---|---|
| 001 | 23311 | ||
| 003 | IN-NITTTR | ||
| 005 | 20251114233302.0 | ||
| 008 | 251113s9999||||xx |||||||||||||| ||eng|| | ||
| 040 | _beng | ||
| 040 | _cIN-NITTTR | ||
| 041 | _aeng | ||
| 082 | _a005.265 S41P | ||
| 100 | _aSchmit, Michael L | ||
| 245 | 0 |
_aPentium processor optimization tools. / _cSchmit, Michael L |
|
| 942 |
_2ddc _cBK |
||
| 999 |
_c25940 _d25940 |
||